| 000 | 00462nam a2200157Ia 4500 | ||
|---|---|---|---|
| 008 | 210716s2014 xx 000 0 und d | ||
| 020 | _a9789325978478 | ||
| 041 | _aeng | ||
| 082 | _a158.39 THOR | ||
| 100 | _aThompson, Randy. | ||
| 245 |
_aGo team: the personal trainer for academic teams. _bPersonal trainer for academic teams. |
||
| 250 | _a1 | ||
| 260 |
_aNew Delhi _bVikas Publishing House Pvt Ltd _c2014 |
||
| 300 | _a258 | ||
| 650 | _aGeneral Knowledge | ||
| 999 |
_c194108 _d194108 |
||